[Event "Reinstorf op"]
[White "Zschiesing, Falk"]
[Black "Colbow, Collin"]
[Site "Reinstorf"]
[Round "7"]
[Result "0-1"]
[Date "2022.02.04"]
[WhiteElo "1963"]
[BlackElo "2334"]
[PlyCount "58"]
[EventDate "2022.01.29"]
[EventType "swiss"]
[EventRounds "9"]
[EventCountry "GER"]
[SourceTitle "CBM 206 Extra"]
[Source "ChessBase"]
[SourceDate "2022.03.31"]
[SourceVersion "1"]
[SourceVersionDate "2022.03.31"]
[SourceQuality "1"]

1. e4 c5 2. Nf3 d6 3. d4 cxd4 4. Qxd4 Nc6 5. Qe3 g6 6. Bc4 Bg7 7. h3 Nf6 8. 0-0 0-0 9. Nc3 Na5 10. Be2 Qc7 11. Nb5 Qc6 12. Nxa7 Qxe4 13. Qxe4 Nxe4 14. Nxc8 Rfxc8 15. Re1 d5 16. Bd3 Nc5 17. Bb5 e6 18. Rb1 Nc4 19. a4 Nxa4 20. Bxc4 dxc4 21. Ne5 Ra5 22. f4 Rb5 23. b3 cxb3 24. c4 Bxe5 25. cxb5 Bd4+ 26. Be3 Bxe3+ 27. Rxe3 b2 28. Kf2 Rc1 29. Re1 Rxb1 0-1

[Event "Arco op 43rd"]
[White "Boder, Jan"]
[Black "Zschiesing, Falk"]
[Site "Arco"]
[Round "5"]
[Result "1-0"]
[Date "2021.10.13"]
[WhiteElo "2130"]
[BlackElo "1955"]
[PlyCount "41"]
[EventDate "2021.10.09"]
[EventType "swiss"]
[EventRounds "9"]
[EventCountry "ITA"]
[SourceTitle "CBM 204 Extra"]
[Source "ChessBase"]
[SourceDate "2021.11.30"]
[SourceVersion "1"]
[SourceVersionDate "2021.11.30"]
[SourceQuality "1"]

1. c4 e5 2. g3 Nf6 3. Bg2 d5 4. cxd5 Nxd5 5. Nc3 Nb6 6. Nf3 Nc6 7. Rb1 Bf5 8. d3 Be7 9. Be3 Qd7 10. h4 h5 11. a3 a5 12. Rc1 Nd5 13. Nxd5 Qxd5 14. 0-0 Qd7 15. Ng5 Nd8 16. Qb3 f6 17. Ne4 Bh3 18. Bxh3 Qxh3 19. Rxc7 g5 20. Rfc1 Ne6 21. Rxe7+ 1-0

[Event "Arco op 42nd"]
[White "Podetti, Davide"]
[Black "Zschiesing, Falk"]
[Site "Arco"]
[Round "4.14"]
[Result "1-0"]
[Date "2020.10.13"]
[WhiteElo "2190"]
[BlackElo "1936"]
[PlyCount "63"]
[EventDate "2020.10.10"]
[EventType "swiss"]
[EventRounds "9"]
[EventCountry "ITA"]
[SourceTitle "CBM 198 Extra"]
[Source "ChessBase"]
[SourceDate "2020.11.30"]
[SourceVersion "1"]
[SourceVersionDate "2020.11.30"]
[SourceQuality "1"]

1. e4 d6 2. d4 Nf6 3. Nc3 e5 4. Nf3 exd4 5. Nxd4 Be7 6. Bc4 0-0 7. 0-0 Nc6 8. Re1 Ne5 9. Bf1 Re8 10. f4 Ng6 11. g3 Bf8 12. Bg2 a6 13. a4 a5 14. b3 c6 15. h3 Qc7 16. Bb2 Bd7 17. Qd2 Rad8 18. Qf2 Qc8 19. Kh2 Qc7 20. Rad1 Qb8 21. Nf3 b5 22. axb5 cxb5 23. Nd4 b4 24. Nd5 Nxd5 25. exd5 Be7 26. Nc6 Bxc6 27. dxc6 Qc7 28. Bd4 Rb8 29. f5 Ne5 30. Bxe5 dxe5 31. Rd7 Qc8 32. Rxe5 1-0